01035nam a22002297a 4500999001500000003000900015008004100024040007100065082001700136245011400153260006100267300005000328505014300378650002100521650001700542650002100559710004400580710005800624942001600682945001000698952009700708  c2926d2926AR-CdUCM190305b           ||||| |||| 00| 0 spa d  aMUNICIPALIDAD PROVINCIAL DEL CUSCOcBIBLIOTECA MUNICIPAL DEL CUSCO  a301.5 /bM22  aManual de tecnología para la humanidad :bPor los voluntarios para las asistencia técnica internacional /  aMéxico :bPublicidad artística litográfica,c1972.  a345 paginas ;bimágenes, diagramas,c28 cm.  aContenido :Recursos hidráulicos --Salud y saneamiento --Agricultura --Elaboración y conservación  de alimentos --Construcción ...   aTecnologia91571  aSociedad953  aDesarrollo92021  aCentro regional de ayuda tecnica910048  aAgencia para el desarrollo internacional (AID)910049  2ddccLIBROS  arjall  002ddc4070aSHbSHcCARTd2019-03-05g45.00o301.5 / M22pSH0000003328r2019-03-05yLIBROS